000 00354nam a2200133Ia 4500
008 241014s9999||||xx |||||||||||||| ||und||
020 _a0-471649821
060 _aQS P 2004
100 _aPakurar, Alice S.
245 0 _aDigital Histology: an interactive CD atlas with review text.
260 _bJohn Wiley
_c2004
650 _aAnatomy
942 _bDIMC
_cBK
999 _c6901
_d6901